Tiszatáj 2015/3
Elmentve itt :
| Dokumentumtípus: | Folyóirat |
|---|---|
| Megjelent: |
2015
|
| Sorozat: | Tiszatáj
69 No. 3 |
| Online Access: | http://tiszataj.bibl.u-szeged.hu/653 |
| LEADER | 00437nas a2200145 i 4500 | ||
|---|---|---|---|
| 001 | tisza653 | ||
| 005 | 20200415090739.0 | ||
| 008 | 160906s2015 hu o 0|| hun d | ||
| 022 | |a 0133-1167 | ||
| 040 | |a SZTE Tiszatáj Archívum |b hun | ||
| 041 | |a hun | ||
| 245 | 0 | 0 | |a Tiszatáj 2015/3 |h [elektronikus dokumentum] |
| 260 | |c 2015 | ||
| 490 | 0 | |a Tiszatáj |v 69 No. 3 | |
| 856 | 4 | 0 | |u http://tiszataj.bibl.u-szeged.hu/653/1/tiszataj_2015_003.pdf |z Dokumentum-elérés |